Quiz Star Wars #5 - Statistiques

Statistiques générales
  • Ce quiz a été pris 132 fois
    118 depuis la dernière actualisation
  • Le résultat moyen est 8 sur 10
Statistiques - réponses
Question Réponse % Correct
Qui est secrètement amoureux de Padmé Amidala ? Anakin Skywalker
100%
Comment s'appelle le père de Boba Fett ? Jango Fett
91%
Quelle est la planète où les clones sont créés ? Kamino
89%
Quelle est la raison principale de l'opposition entre Anakin et Obi-Wan dans ce film ? L'amour d'Anakin pour Padmé
83%
Quel Jedi est capturé par le Comte Dooku sur Geonosis ? Obi-Wan Kenobi
83%
Qui dirige l'armée séparatiste dans ce film ? Comte Dooku
76%
Qui se bat contre le Comte Dooku dans un duel au sabre laser à la fin du film ? Les trois réponses
70%
Quel Jedi mène les clones à la bataille de Geonosis ? Yoda
63%
Qui tente d'assassiner Padmé au début du film ? Zam Wesell
61%
Qui est le maître Jedi chargé de protéger Padmé Amidala dans "L'Attaque des Clones" ? Obi-Wan Kenobi
35%
Aucun quiz correspondant
Distribution des résultats
% des personnes avec chaque résultat
Percentile par nombre de réponses
Votre historique - résultats
Vous n’avez pas pris ce quiz depuis la dernière actualisation